000 00351nam a22001577a 4500
082 _a540
_bSUB/P
100 _aSUBHASH
100 _aSATISH
100 _aLAL
245 _aADVANCED INORGANIC ANALYSIS
250 _aNINTH EDITION
260 _aMEERUT
_bPRAGATI PRAKASHAN
_c2002
300 _a391
650 _aCHEMISTRY REFERENCE
_zINDIA
942 _cBK
999 _c1471
_d1471